Los obstáculos epistemológicos en el análisis de coyuntura: primera parte

সংরক্ষণ করুন:
গ্রন্থ-পঞ্জীর বিবরন
বিন্যাস: পাঠ‍্য
প্রকাশিত: México: Centro de Investigaciones Económicas y Políticas de Acción Comunitaria, CIEPAC 2004
মালা:Cuaderno número 3
ট্যাগগুলো: ট্যাগ যুক্ত করুন
কোনো ট্যাগ নেই, প্রথমজন হিসাবে ট্যাগ করুন!

MARC

LEADER 00000 a a2200000 04500
001 43786
003
040
245 |a Los obstáculos epistemológicos en el análisis de coyuntura:   |b primera parte  
260 |a México:   |b Centro de Investigaciones Económicas y Políticas de Acción Comunitaria, CIEPAC   |c 2004  
440 |a Cuaderno   |v número 3  
773 |g 77 páginas : ilustraciones  
999 |c 27142  |d 27142